000 00559nam a2200181Ia 4500
008 240729s9999 xx 000 0 und d
022 _a2052-0573
245 0 _aEndocrinology, Diabetes & Metabolism Case Reports
260 _aUnited Kingdom
260 _bBioscientifica
650 _a Diseases of the endocrine glands. Clinical endocrinology
650 _a Internal medicine
650 _a Specialties of internal medicine
650 _aMedicine
856 _uhttps://doaj.org/toc/9f7096da15724dfc9415c1a90c97bfce
942 _2ddc
942 _cDOAJEJ
999 _c66071
_d66071
945 _a1
_bMadushi Gamage
_c1
_dMadushi Gamage